Umění putovat : dějiny německých turistických spolků v českých zemích /

Main Author: Pelc, Martin, 1980-
Language: Czech
Published: Brno : Matice moravská, 2009
Edition: Vyd. 1.
Series: Knižnice Matice moravské
Subjects:
Online Access: Digitalizovaný dokument
Physical Description: 390 s. ; 23 cm
Language note: Německé resumé
Book
Saved in:
LEADER 02425nam a2200613 a 4500
001 nkc20102086479
003 CZ PrNK
005 20100616101516.0
007 ta
008 100506s2009 xr f 000 0 cze
015 |a cnb002086479 
020 |a 978-80-86488-64-6  |q (brož.) 
035 |a (OCoLC)641499512 
040 |a ABA001  |b cze 
041 0 |a cze  |b ger 
043 |a e-xr--- 
045 |a w-x- 
072 7 |a 796  |x Sport. Hry. Tělesná cvičení  |2 Konspekt  |9 20 
080 |a 796.5  |2 MRF 
080 |a 796.5(091)  |2 MRF 
080 |a 796.5:061  |2 MRF 
080 |a (=112.2)  |2 MRF 
080 |a (437.3)  |2 MRF 
080 |a (048.8)  |2 MRF 
100 1 |a Pelc, Martin,  |d 1980-  |7 js20060324013  |4 aut 
245 1 0 |a Umění putovat :  |b dějiny německých turistických spolků v českých zemích /  |c Martin Pelc 
246 3 0 |a Dějiny německých turistických spolků v českých zemích 
250 |a Vyd. 1. 
260 |a Brno :  |b Matice moravská,  |c 2009 
300 |a 390 s. ;  |c 23 cm 
490 1 |a Knižnice Matice moravské ;  |v sv. 27 
500 |a Na obálce vročení 2010 
500 |a 350 výt. 
504 |a Obsahuje bibliografii a bibliografické odkazy 
546 |a Německé resumé 
648 7 |a 19.-20. století  |7 ch757015  |2 czenas 
650 0 7 |a turistika  |7 ph116506  |z Česko  |y 19.-20. století  |2 czenas 
650 0 7 |a dějiny turistiky  |7 ph518312  |z Česko  |y 19.-20. století  |2 czenas 
650 0 7 |a turistické organizace  |7 ph249601  |z Česko  |y 19.-20. století  |2 czenas 
650 0 7 |a Němci  |7 ph117943  |z Česko  |y 19.-20. století  |2 czenas 
650 0 9 |a hiking  |z Czechia  |y 19th-20th centuries  |2 eczenas 
650 0 9 |a history of tourism  |z Czechia  |y 19th-20th centuries  |2 eczenas 
650 0 9 |a tourist associations and clubs  |z Czechia  |y 19th-20th centuries  |2 eczenas 
650 0 9 |a Germans  |z Czechia  |y 19th-20th centuries  |2 eczenas 
655 7 |a monografie  |7 fd132842  |2 czenas 
655 9 |a monographs  |2 eczenas 
830 0 |a Knižnice Matice moravské  |0 s 
856 4 1 |u http://www.digitalniknihovna.cz/mzk/uuid/uuid:edd47280-356d-11e7-ad2f-005056827e51  |y Digitalizovaný dokument  |x NDK 
910 2 |a BOA001  |b 2-1243.090 
990 |a BK 
995 |a 01 
991 |b 201005  |c NOV  |j 796.5 PEL 
996 6 |b 2610437188  |c 2-1243.090  |l MZK  |r Sklad / do 1 hodiny  |n 6  |p p.v.  |w 001121193  |u 000010  |a 1  |e BOA001  |j MZK50  |s P 
996 7 |b 2610437189  |c 2-1243.090  |l Vol.výběr  |r VV 1p  |n 15  |p p.v.  |h 796.5 PEL  |w 001121193  |u 000020  |a 0  |e BOA001  |j MZK50  |s A